000 00195 a2200097 4500
001 13913
100 _aClay N L
245 _aI Remember
260 _aLondon
_bHeinemann
_c
090 _c10881
_d10881
942 _aNUST-CAE
_cM
_c982
999 _c248986
_d248986